<?xml version="1.0" encoding="UTF-8"?>
<record
    xmlns:xsi="http://www.w3.org/2001/XMLSchema-instance"
    xsi:schemaLocation="http://www.loc.gov/MARC21/slim http://www.loc.gov/standards/marcxml/schema/MARC21slim.xsd"
    xmlns="http://www.loc.gov/MARC21/slim">

  <leader>02819nam a2200301   4500</leader>
  <controlfield tag="001">286</controlfield>
  <controlfield tag="003">OSt</controlfield>
  <controlfield tag="005">20250528074017.0</controlfield>
  <controlfield tag="008">250317b        |||||||j |||| 00| 1 eng d</controlfield>
  <datafield tag="020" ind1=" " ind2=" ">
    <subfield code="a">9786555983210</subfield>
  </datafield>
  <datafield tag="040" ind1=" " ind2=" ">
    <subfield code="b">por</subfield>
  </datafield>
  <datafield tag="041" ind1=" " ind2=" ">
    <subfield code="h">eng</subfield>
    <subfield code="a">por</subfield>
  </datafield>
  <datafield tag="082" ind1=" " ind2=" ">
    <subfield code="a">I 028.5</subfield>
    <subfield code="b">K79b</subfield>
  </datafield>
  <datafield tag="100" ind1="1" ind2=" ">
    <subfield code="a">Kohara, Kazuno.</subfield>
    <subfield code="9">533</subfield>
  </datafield>
  <datafield tag="240" ind1=" " ind2=" ">
    <subfield code="a">The Midnight Library</subfield>
  </datafield>
  <datafield tag="245" ind1=" " ind2=" ">
    <subfield code="a">Biblioteca dos Sonhos /</subfield>
    <subfield code="c">Kohara, Kazuno ; Tradu&#xE7;&#xE3;o de Bruno Dorigatti</subfield>
  </datafield>
  <datafield tag="260" ind1=" " ind2=" ">
    <subfield code="a">Rio de Janeiro</subfield>
    <subfield code="b">DarkSide </subfield>
    <subfield code="c">2023</subfield>
  </datafield>
  <datafield tag="300" ind1=" " ind2=" ">
    <subfield code="a">32 p.</subfield>
    <subfield code="b">il. </subfield>
  </datafield>
  <datafield tag="520" ind1=" " ind2=" ">
    <subfield code="a">Uma viagem pelo mundo m&#xE1;gico dos livros e bibliotecas

Era uma vez uma biblioteca que abria apenas &#xE0; meia-noite... Assim come&#xE7;a a jornada l&#xFA;dica e fant&#xE1;stica de Biblioteca dos Sonhos. Quando estamos na cama, prontos para dormir, esta curiosa biblioteca abre suas portas para todos os animais noturnos.

L&#xE1; dentro, a pequena bibliotec&#xE1;ria e as suas tr&#xEA;s corujas assistentes orientam todos os animais que v&#xEA;m de toda a parte da cidade a encontrar o seu livro perfeito. A biblioteca est&#xE1; sempre repleta de personagens. At&#xE9; que, em uma noite, uma banda de esquilos come&#xE7;a a fazer uma enorme barulheira com seus instrumentos... Contando com a ajuda de todos os personagens presentes, a bibliotec&#xE1;ria tenta colocar ordem na bagun&#xE7;a!

Biblioteca dos Sonhos, da premiada autora Kazuno Kohara &#x2014; autora de O Pequeno Bruxo, outro lan&#xE7;amento da Caveirinha, o selo infantil da DarkSide &#xAE; Books, e j&#xE1; publicada no Brasil pela finada e consagrada Cosac Naify &#x2014; &#xE9; uma hist&#xF3;ria de enorme beleza e empatia, uma celebra&#xE7;&#xE3;o m&#xE1;gica da literatura e do universo fant&#xE1;stico das bibliotecas. Uma obra capaz de propagar o amor pelos livros para uma nova gera&#xE7;&#xE3;o de pequenos leitores

Em suas obras, a autora utiliza a t&#xE9;cnica da linogravura, semelhante &#xE0; conhecida t&#xE9;cnica da xilogravura, e deixa transbordar delicadeza. Kazuno possui o equil&#xED;brio e o ritmo preciso para encantar a todos que se aproximam de suas obras.

Biblioteca dos Sonhos integra a marca Caveirinha, que traz hist&#xF3;rias e f&#xE1;bulas cheias de imagina&#xE7;&#xE3;o: os pequenos leitores j&#xE1; viveram aventuras extraordin&#xE1;rias em Jumanji e Zathura, aprenderam a encarar a vida com coragem em A Vida N&#xE3;o me Assusta &#x2014; cl&#xE1;ssico poema de Maya Angelou, ilustrado com as pinturas de Basquiat &#x2014; e mergulharam no imagin&#xE1;rio de um dos mestres do terror com O Fant&#xE1;stico Alfabeto Lovecraft. O livro chega em uma edi&#xE7;&#xE3;o caprichada, com capa dura e todo o carinho da editora m&#xE3;e. Construa desde j&#xE1; a biblioteca perfeita para os pequenos sonhadores do nosso futuro.</subfield>
  </datafield>
  <datafield tag="650" ind1=" " ind2="0">
    <subfield code="a">Literatura Japonesa</subfield>
    <subfield code="9">534</subfield>
  </datafield>
  <datafield tag="650" ind1=" " ind2="0">
    <subfield code="a">Infantil</subfield>
    <subfield code="9">535</subfield>
  </datafield>
  <datafield tag="650" ind1=" " ind2="0">
    <subfield code="a">Aventura</subfield>
    <subfield code="9">47</subfield>
  </datafield>
  <datafield tag="650" ind1=" " ind2="0">
    <subfield code="a">Fantasia</subfield>
    <subfield code="9">45</subfield>
  </datafield>
  <datafield tag="650" ind1=" " ind2="0">
    <subfield code="a">Animais </subfield>
    <subfield code="9">59</subfield>
  </datafield>
  <datafield tag="655" ind1=" " ind2="0">
    <subfield code="a">Fic&#xE7;&#xE3;o </subfield>
    <subfield code="9">22</subfield>
  </datafield>
  <datafield tag="700" ind1=" " ind2=" ">
    <subfield code="a">Bruno Dorigatti</subfield>
    <subfield code="e">Tradu&#xE7;&#xE3;o</subfield>
    <subfield code="9">536</subfield>
  </datafield>
  <datafield tag="942" ind1=" " ind2=" ">
    <subfield code="2">ddc</subfield>
    <subfield code="n">0</subfield>
    <subfield code="c">BK</subfield>
  </datafield>
  <datafield tag="952" ind1=" " ind2=" ">
    <subfield code="0">0</subfield>
    <subfield code="1">0</subfield>
    <subfield code="2">ddc</subfield>
    <subfield code="4">0</subfield>
    <subfield code="7">0</subfield>
    <subfield code="8">FIC</subfield>
    <subfield code="a">BIBIB</subfield>
    <subfield code="b">BIBIB</subfield>
    <subfield code="c">INF</subfield>
    <subfield code="d">2025-03-17</subfield>
    <subfield code="e">doa&#xE7;&#xE3;o</subfield>
    <subfield code="l">0</subfield>
    <subfield code="o">I 028.5 / K79b</subfield>
    <subfield code="p">2025-17241</subfield>
    <subfield code="r">2025-03-17 09:42:16</subfield>
    <subfield code="w">2025-03-17</subfield>
    <subfield code="y">BK</subfield>
  </datafield>
  <datafield tag="999" ind1=" " ind2=" ">
    <subfield code="c">286</subfield>
    <subfield code="d">286</subfield>
  </datafield>
</record>
